000 01627cam a2200397 a 4500
001 14437574
005 20201128020710.0
008 060705s2006 enka b 001 0 eng
010 _a 2006044692
015 _aGBA656028
_2bnb
016 7 _a013495093
_2Uk
020 _a1403941033 (hbk. )
020 _a9781403941039 (hbk. )
020 _a1403941041 (pbk.)
020 _a9781403941046 (pbk.)
035 _a(OCoLC)70335337
035 _a(OCoLC)ocm70335337
040 _aDLC
_cDLC
_dBAKER
_dBWKUK
_dUKM
_dYDXCP
_dMUQ
_dDLC
043 _ae------
050 0 0 _aJN15
_b.D384 2006
082 0 0 _a341.2422
_222
_bDEB
245 0 0 _aDebates on European integration :
_ba reader /
_cedited by Mette Eilstrup-Sangiovanni.
260 _aBasingstoke [England] ;
_aNew York :
_bPalgrave Macmillan,
_c2006.
300 _axv, 511 p. :
_bill. ;
_c24 cm.
440 4 _aThe European Union series
_92763
504 _aIncludes bibliographical references (p. 471-505) and index.
610 2 0 _aEuropean Union.
_92764
650 0 _aEuropean federation.
_92765
651 0 _92766
_aEurope
_xEconomic integration
700 1 _aSangiovanni, Mette Eilstrup.
_92767
856 4 2 _3Contributor biographical information
_uhttp://www.loc.gov/catdir/enhancements/fy0662/2006044692-b.html
856 4 2 _3Publisher description
_uhttp://www.loc.gov/catdir/enhancements/fy0662/2006044692-d.html
856 4 1 _3Table of contents only
_uhttp://www.loc.gov/catdir/enhancements/fy0662/2006044692-t.html
942 _2ddc
_cNB
999 _c11110
_d11110